Statistics for Animals beginning with the letter I (pictures)

Click here to take the quiz!

General Stats

  • This quiz has been taken 131 times
  • The average score is 3 of 5

Answer Stats

Answer% Correct
Iguana
87%
Ibex
72%
Ibis
68%
Impala
59%
Isopod
28%

Score Distribution

Percentile by Number Answered

Percent of People with Each Score

Your Score History

You have not taken this quiz